Statistics for What Brand Sells Which Smartphone?

Click here to take the quiz!

General Stats

  • This quiz has been taken 31 times
  • The average score is 11 of 51

Answer Stats

Model LineBrand% Correct
iPhoneApple
100%
PixelGoogle
94%
GalaxySamsung
94%
XperiaSony
89%
LumiaNokia
78%
ZenfoneAsus
72%
MateHuawei
72%
RedmiXiaomi
61%
DesireHTC
50%
FireAmazon
39%
DroidMotorola
39%
OptimusLG
33%
AxonZTE
28%
LiquidAcer
17%
CurveBlackberry
17%
FindOppo
17%
AquosSharp
17%
IdolAlcatel
11%
DiamondArchos
11%
AquarisBQ
11%
VegaPantech
11%
SoulAllview
6%
StudioBLU
6%
G'zOneCasio
6%
VenueDell
6%
GSmartGigabyte
6%
MarathonGionee
6%
SlateHP
6%
AquaIntex
6%
DuraForceKyocera
6%
IrisLava
6%
LeLeEco
6%
VibeLenovo
6%
CanvasMicromax
6%
PrePalm
6%
ElugaPanasonic
6%
GatorPlum
6%
SignatureVertu
6%
Maverickverykool
6%
EraXOLO
6%
YurekaYU
6%
MillenniaCelkon
0%
glofiishEten
0%
TitaniumKarbonn
0%
AstroMaxwest
0%
SonicParla
0%
MultiPhonePrestigio
0%
NoirQMobile
0%
StellarSpice
0%
SmartVodafone
0%
HighwayWiko
0%

Score Distribution

Percentile by Number Answered

Percent of People with Each Score

Your Score History

You have not taken this quiz